01174nam a22002417a 4500003000800000008004100008037002000049039003900069040003500108041000800143080001200151100002900163245014500192260009500337300002300432502019200455650006500647655002300712700002900735942001300764999001700777952013800794BI-BuBU260318b2025 bd fr|||| 000 0 fre d bDon de l'auteur a20260318092640.0bThacien Mutabazi aBI-BuBUbfrecBI-BuBUdBI-BuBU0 afre a339.7421 4aut.aDusengimana, Stacy16aDe la gestion macroéconomique à la maîtrise du taux de change au Burundi (1990-2022)cStacy Dusengimana ; Salomon Nsabimana, directeur aBujumburabUniversité du Burundi, Faculté des Sciences Economiques et de Gestionc2025 aXIII-99 f.c30 cm. aMémoire présenté et soutenu publiquement en vue de l'obtention du dipmôme de MAster en analyse Economique et Développement des Sciences Economiques. Option : Analyse Economique 72BI-BuBUaTaux de changexMacroéconomiey1990-2022zBurundi 72BI-BuBUaMémoire1 4dir.aNsabimana, Salomon 2udccMEM c53614d53614 00102udc4071985443aBCbBCd2026-03-18eDon de l'auteurl0oR.339.742 DUS.p5010000483401r2026-03-18t1w2026-03-18yMEMi242130